000 00600cam a2200205 a 4500
001 1196925
005 20250725150726.0
008 980611s1999 miu be 001 0 eng
020 _a0801021510
020 _a9780801021510
050 0 0 _aBT1102
_b.G42 1999
082 0 0 _a239/.03
_221
100 1 _aGeisler, Norman L.
245 1 0 _aBaker encyclopedia of Christian apologetics /
_cNorman L. Geisler.
260 _aGrand Rapids, Mich. :
_bBaker Books,
_cc1999.
300 _avii, 841 p. ;
_c27 cm.
440 0 _aBaker reference library
650 0 _aApologetics
_xEncyclopedias.
942 _2lcc
_cBK
_n0
999 _c7181
_d7181